| 000 | 00496nam a22001577a 4500 | ||
|---|---|---|---|
| 005 | 20240319161833.0 | ||
| 008 | 240319b ||||| |||| 00| 0 eng d | ||
| 040 | _cAL | ||
| 041 | _aeng | ||
| 082 |
_223 _a070 _bCANA |
||
| 245 | _aCanara Times Challenges and Opportunities in Publishing English Language News Papers Alongside National Dailies | ||
| 260 |
_aMangalore _bSt Aloysius College _c1993 |
||
| 650 |
_aManagement _9155512 |
||
| 700 |
_aRODRIGUES (Ivan Kiran) _9155513 |
||
| 942 |
_2ddc _cPRO |
||
| 999 |
_c230541 _d230541 |
||